[Event "Tradewise Gibraltar Master 2015"]
[Site "Gibraltar ENG"]
[Date "2015.02.03"]
[Round "8.84"]
[White "Lien, Kjell Hakon"]
[Black "Spence, David J"]
[Result "0-1"]
[WhiteElo "2020"]
[BlackElo "2231"]
[PlyCount "108"]
[EventDate "2015.01.27"]
[EventType "swiss"]
[EventRounds "10"]
[EventCountry "ENG"]
[Source "lmi"]
[SourceDate "2015.01.27"]

1. e4 e6 2. d4 d5 3. Nc3 Bb4 4. e5 c5 5. a3 Bxc3+ 6. bxc3 Qa5 7. Bd2 Qa4 8. h4
Nc6 9. h5 h6 10. Qg4 Kf8 11. Rh3 Nxe5 12. Qf4 Nd7 13. Nf3 Ngf6 14. Qd6+ Kg8 15.
Qe7 c4 16. Rc1 b6 17. Bg5 Ba6 18. Ne5 Nxe5 19. dxe5 Ne4 20. Bf4 Qe8 21. Qh4 Kh7
22. f3 Nxc3 23. g4 d4 24. g5 Qd8 25. Qg4 hxg5 26. Bxg5 Qd5 27. Qf4 Rac8 28. h6
Kg8 29. hxg7 Rxh3 30. Bxh3 d3 31. Bf6 d2+ 32. Qxd2 Qxf3 33. Bg2 Qg3+ 34. Qf2
Qh2 35. Qf3 Qg1+ 36. Bf1 Ne4 37. Qxe4 c3 38. Qf3 Bxf1 39. Qf2 Qg4 40. Kxf1 Rc4
41. Re1 Rf4 42. Re2 Qh3+ 43. Kg1 Rg4+ 44. Qg2 b5 45. Qxg4 Qxg4+ 46. Rg2 Qd1+
47. Kh2 a5 48. Kg3 Qe1+ 49. Kf3 Qh1 50. Kf2 a4 51. Rg4 Qh2+ 52. Kf3 Qh3+ 53.
Kf4 Qxg4+ 54. Kxg4 b4 0-1

[Event "Tradewise Gibraltar Master 2015"]
[Site "Gibraltar ENG"]
[Date "2015.02.03"]
[Round "8.85"]
[White "Lochte, Szilvia"]
[Black "Barrenechea Bahamonde, Gustavo"]
[Result "0-1"]
[WhiteElo "1934"]
[BlackElo "2223"]
[PlyCount "78"]
[EventDate "2015.01.27"]
[EventType "swiss"]
[EventRounds "10"]
[EventCountry "ENG"]
[Source "lmi"]
[SourceDate "2015.01.27"]

1. d4 g6 2. Nf3 Bg7 3. g3 f5 4. Bg2 Nf6 5. O-O O-O 6. c4 d6 7. Nc3 Nc6 8. e3 e5
9. d5 Ne7 10. Qc2 h6 11. Bd2 g5 12. h3 a6 13. Kh2 Qe8 14. Rh1 e4 15. Nd4 Ng6
16. Kg1 Ne5 17. Bf1 c5 18. dxc6 bxc6 19. Be2 c5 20. Nb3 Be6 21. Rd1 Qf7 22. Na5
Rab8 23. Bc1 Qc7 24. Nb3 Qf7 25. Rxd6 Bxc4 26. Nxc5 Bxe2 27. Nxe2 Qc7 28. Rxa6
Nfd7 29. Nd4 Qxc5 30. Qd2 Qxd4 31. exd4 Nf3+ 32. Kg2 Nxd2 33. Bxd2 Rxb2 34. Bc3
Rc2 35. Bb4 Rb8 36. a3 Bxd4 37. Rd1 Rxf2+ 38. Kh1 Ne5 39. Rxd4 Nf3 0-1

[Event "Tradewise Gibraltar Master 2015"]
[Site "Gibraltar ENG"]
[Date "2015.02.03"]
[Round "8.86"]
[White "Urbina Perez, Juan Antonio"]
[Black "Michalowski, Peter"]
[Result "1-0"]
[WhiteElo "2221"]
[BlackElo "2024"]
[PlyCount "69"]
[EventDate "2015.01.27"]
[EventType "swiss"]
[EventRounds "10"]
[EventCountry "ENG"]
[Source "lmi"]
[SourceDate "2015.01.27"]

1. e4 Nc6 2. Nf3 e5 3. Bb5 a6 4. Ba4 Nf6 5. d3 b5 6. Bb3 Be7 7. O-O O-O 8. Nc3
d6 9. Nd5 Nxd5 10. Bxd5 Bb7 11. c3 Na5 12. Bxb7 Nxb7 13. Be3 c5 14. Rc1 Qa5 15.
a3 Rac8 16. Qe2 Nd8 17. d4 exd4 18. cxd4 c4 19. d5 Bf6 20. Bd4 Bxd4 21. Nxd4 g6
22. Qg4 Qc7 23. Rc3 Nb7 24. b4 Rce8 25. Rh3 Qe7 26. Qf4 f6 27. Re1 Rf7 28. Qd2
Nd8 29. f4 Qd7 30. f5 g5 31. Ne6 Rfe7 32. Qc3 Nxe6 33. fxe6 Qa7+ 34. Kh1 Rf8
35. Rf1 1-0

[Event "Tradewise Gibraltar Master 2015"]
[Site "Gibraltar ENG"]
[Date "2015.02.03"]
[Round "8.87"]
[White "Terron Elena, Francisco M"]
[Black "Lobersli, Henrik Oie"]
[Result "0-1"]
[WhiteElo "2218"]
[BlackElo "1957"]
[PlyCount "107"]
[EventDate "2015.01.27"]
[EventType "swiss"]
[EventRounds "10"]
[EventCountry "ENG"]
[Source "lmi"]
[SourceDate "2015.01.27"]

1. d4 d5 2. c4 e6 3. Nc3 Nf6 4. cxd5 exd5 5. Bg5 Nbd7 6. e3 Bb4 7. Bd3 O-O 8.
Nge2 c5 9. O-O c4 10. Bc2 Re8 11. Nxd5 Bd6 12. Nxf6+ Nxf6 13. Bf4 b5 14. b3
cxb3 15. axb3 Bb7 16. Bxd6 Qxd6 17. Ng3 a6 18. Qd2 Rac8 19. f3 g6 20. e4 Qb6
21. Kh1 Rc7 22. Rad1 a5 23. e5 Nd5 24. Ne4 Kh8 25. Nc5 Nb4 26. Be4 Bd5 27. Ra1
Ra7 28. Rae1 Qc6 29. Rc1 Qb6 30. Rfe1 Rd8 31. Re2 Re7 32. Qg5 Ree8 33. Rce1 Kg7
34. Qd2 Bxe4 35. Nxe4 Rxd4 36. Qc3 Rxe5 37. Rd2 Red5 38. h3 Kg8 39. Nc5 Nc6 40.
Re8+ Kg7 41. Rxd4 Nxd4 42. Ne4 Qc6 43. Qxc6 Nxc6 44. Rc8 Rd1+ 45. Kh2 Nd4 46.
Rc5 Rd3 47. Nd6 Rxb3 48. Rd5 Rb4 49. Ne8+ Kf8 50. Nc7 a4 51. Rd8+ Ke7 52. Ra8
Kd6 53. Na6 Rc4 54. Rd8+ 0-1

[Event "Tradewise Gibraltar Master 2015"]
[Site "Gibraltar ENG"]
[Date "2015.02.03"]
[Round "8.88"]
[White "Balogun, Oluwafemi"]
[Black "Morais, Vitor"]
[Result "1-0"]
[WhiteElo "2193"]
[BlackElo "1934"]
[PlyCount "87"]
[EventDate "2015.01.27"]
[EventType "swiss"]
[EventRounds "10"]
[EventCountry "ENG"]
[Source "lmi"]
[SourceDate "2015.01.27"]

1. Nf3 Nf6 2. g3 g6 3. Bg2 Bg7 4. O-O O-O 5. d3 d6 6. e4 c5 7. c3 Nc6 8. Re1 e5
9. a3 h6 10. b4 b6 11. Nbd2 Rb8 12. Nb3 Be6 13. b5 Ne7 14. d4 Nh5 15. d5 Bg4
16. h3 Bd7 17. a4 Kh7 18. Nbd2 Qc8 19. Nc4 Bxh3 20. Nxd6 Qd7 21. Nc4 f6 22. Nh4
Bxg2 23. Kxg2 Rbd8 24. Rh1 f5 25. Nxg6 Nxg6 26. Qxh5 f4 27. Bd2 Rf7 28. Rag1
Rdf8 29. g4 Rg8 30. Kf1 Qe7 31. g5 Rff8 32. f3 Rd8 33. Rg2 Qe8 34. gxh6 Bh8 35.
Rhg1 Ne7 36. Qh3 Rxg2 37. Rxg2 Qf7 38. Be1 Rg8 39. Rxg8 Nxg8 40. Nd6 Qg6 41.
Qd7+ Kxh6 42. Nf7+ Kh7 43. Nxe5+ Qg7 44. Qf5+ 1-0

[Event "Tradewise Gibraltar Master 2015"]
[Site "Gibraltar ENG"]
[Date "2015.02.03"]
[Round "8.89"]
[White "Machlik, Edit"]
[Black "Hellwig, Tobias"]
[Result "0-1"]
[WhiteElo "1913"]
[BlackElo "2172"]
[PlyCount "66"]
[EventDate "2015.01.27"]
[EventType "swiss"]
[EventRounds "10"]
[EventCountry "ENG"]
[Source "lmi"]
[SourceDate "2015.01.27"]

1. d4 Nf6 2. c4 c6 3. Nc3 d5 4. e3 g6 5. Nf3 Bg7 6. Be2 O-O 7. O-O Bg4 8. cxd5
Nxd5 9. e4 Nxc3 10. bxc3 c5 11. Be3 Qc7 12. Qb3 Nc6 13. Rfd1 Rab8 14. Rd2 Bxf3
15. Bxf3 Na5 16. Qb5 a6 17. Qd3 b5 18. Rc2 Nc4 19. a4 Nxe3 20. fxe3 Qa5 21. e5
Rfc8 22. Be2 e6 23. Rcc1 c4 24. Qd1 Bh6 25. Qd2 bxa4 26. Kf2 a3 27. Ra2 Rb3 28.
Bd1 Rcb8 29. Rcc2 Qd8 30. Be2 Qh4+ 31. Kg1 Rb1+ 32. Bf1 Qe4 33. Kf2 Qf5+ 0-1

[Event "Tradewise Gibraltar Master 2015"]
[Site "Gibraltar ENG"]
[Date "2015.02.03"]
[Round "8.90"]
[White "Heer, Stephan"]
[Black "Machlik, Monika"]
[Result "1-0"]
[WhiteElo "2157"]
[BlackElo "2015"]
[PlyCount "77"]
[EventDate "2015.01.27"]
[EventType "swiss"]
[EventRounds "10"]
[EventCountry "ENG"]
[Source "lmi"]
[SourceDate "2015.01.27"]

1. Nf3 Nf6 2. g3 d5 3. Bg2 c6 4. O-O Bf5 5. d3 h6 6. c4 e6 7. cxd5 exd5 8. Qb3
Qb6 9. Qc2 Be7 10. Nc3 Nbd7 11. e4 dxe4 12. dxe4 Bh7 13. Be3 Qa6 14. Rfd1 Rd8
15. Rd4 b6 16. Ra4 Qb7 17. b4 O-O 18. Qe2 Nxe4 19. Nxe4 Bxe4 20. Rc1 Nf6 21.
Ne5 Bxg2 22. Kxg2 c5+ 23. Qf3 Qxf3+ 24. Kxf3 cxb4 25. Rxa7 Bd6 26. Nc6 Ra8 27.
Bxb6 Nd5 28. Rd1 Nxb6 29. Rxd6 Rxa7 30. Nxa7 Ra8 31. Nc6 Rxa2 32. Ne7+ Kf8 33.
Nf5 Ra3+ 34. Ke4 f6 35. Rxb6 Ra2 36. Kf3 Rb2 37. Rb7 b3 38. Nd4 g5 39. Rxb3 1-0

[Event "Tradewise Gibraltar Master 2015"]
[Site "Gibraltar ENG"]
[Date "2015.02.03"]
[Round "8.91"]
[White "Odeh, Kenneth"]
[Black "Elishev, Ivan"]
[Result "0-1"]
[WhiteElo "1982"]
[BlackElo "2153"]
[PlyCount "63"]
[EventDate "2015.01.27"]
[EventType "swiss"]
[EventRounds "10"]
[EventCountry "ENG"]
[Source "lmi"]
[SourceDate "2015.01.27"]

1. e4 d5 2. exd5 Nf6 3. d4 Bg4 4. Nf3 Qxd5 5. Be2 Nc6 6. c4 Qh5 7. d5 O-O-O 8.
Nbd2 Ne5 9. O-O e6 10. Qa4 Bd6 11. h3 Bxh3 12. Qxa7 Bxg2 13. Kxg2 Ng6 14. Rg1
Nf4+ 15. Kf1 exd5 16. Qa8+ Kd7 17. Qa4+ c6 18. cxd5 Rhe8 19. dxc6+ Kc7 20. Nd4
Qh3+ 21. Ke1 Rxe2+ 22. Nxe2 Re8 23. Qa5+ b6 24. Qa7+ Kxc6 25. Qa4+ Kb7 26. Kd1
Rxe2 27. Qxf4 Bxf4 28. Kxe2 Qh5+ 29. Kf1 Qb5+ 30. Kg2 Bxd2 31. Bxd2 Qd5+ 32.
Kg3 0-1

[Event "Tradewise Gibraltar Master 2015"]
[Site "Gibraltar ENG"]
[Date "2015.02.03"]
[Round "8.92"]
[White "Schneider, German"]
[Black "Weishaeutel, Moritz"]
[Result "1-0"]
[WhiteElo "2150"]
[BlackElo "1905"]
[PlyCount "53"]
[EventDate "2015.01.27"]
[EventType "swiss"]
[EventRounds "10"]
[EventCountry "ENG"]
[Source "lmi"]
[SourceDate "2015.01.27"]

1. d4 d5 2. Bf4 Nf6 3. e3 e6 4. Nf3 Bd6 5. Ne5 Nbd7 6. Nd2 O-O 7. Bd3 c5 8. c3
c4 9. Bc2 Qc7 10. Ndf3 Ne4 11. Qb1 Ndf6 12. h4 h5 13. Ng5 Nd7 14. Bxe4 dxe4 15.
Qxe4 f5 16. Qf3 Nf6 17. Ng6 Rd8 18. Bxd6 Rxd6 19. Nf4 Qb6 20. Rb1 Qa5 21. a3
Rb6 22. O-O Bd7 23. Qe2 Bc6 24. Qxc4 Bb5 25. Qc7 Bd7 26. Nxh5 Qd5 27. Nf4 1-0

[Event "Tradewise Gibraltar Master 2015"]
[Site "Gibraltar ENG"]
[Date "2015.02.03"]
[Round "8.93"]
[White "Kim, Yongjoo"]
[Black "Varga, Klara"]
[Result "1-0"]
[WhiteElo "1903"]
[BlackElo "2145"]
[PlyCount "59"]
[EventDate "2015.01.27"]
[EventType "swiss"]
[EventRounds "10"]
[EventCountry "ENG"]
[Source "lmi"]
[SourceDate "2015.01.27"]

1. d4 e6 2. c4 Nf6 3. Nc3 Bb4 4. Qc2 d5 5. a3 Bxc3+ 6. Qxc3 Ne4 7. Qc2 c5 8.
dxc5 Nd7 9. e3 a5 10. cxd5 exd5 11. Bb5 Qg5 12. f3 Nexc5 13. Nh3 Qh4+ 14. Nf2
O-O 15. O-O a4 16. Bd2 Nb3 17. Rad1 d4 18. Bb4 Re8 19. Ne4 Qh6 20. Qc7 dxe3 21.
Rfe1 Qh4 22. Rxe3 Kh8 23. Red3 f5 24. Nd6 Re2 25. Qd8+ Qxd8 26. Nf7+ Kg8 27.
Nxd8 Ne5 28. Rd5 Nxf3+ 29. gxf3 Rxb2 30. Bc4 1-0

[Event "Tradewise Gibraltar Master 2015"]
[Site "Gibraltar ENG"]
[Date "2015.02.03"]
[Round "8.95"]
[White "De Haan, Eric"]
[Black "Cawley, Paul F"]
[Result "1-0"]
[WhiteElo "2299"]
[BlackElo "2070"]
[PlyCount "47"]
[EventDate "2015.01.27"]
[EventType "swiss"]
[EventRounds "10"]
[EventCountry "ENG"]
[Source "lmi"]
[SourceDate "2015.01.27"]

1. d4 c5 2. d5 d6 3. e4 g6 4. Nc3 Bg7 5. Nf3 Nf6 6. Bb5+ Bd7 7. a4 O-O 8. Nd2
Ne8 9. O-O Nc7 10. Be2 Qe8 11. Nc4 b5 12. axb5 Bxb5 13. Nxb5 Qxb5 14. Nxd6 Qb6
15. Nc4 Qb7 16. Bg5 f6 17. Bf4 Kh8 18. d6 Rd8 19. Na5 Qc8 20. dxc7 Rxd1 21.
Rfxd1 Nd7 22. Bb5 e5 23. Rxd7 Qg8 24. Rad1 1-0

[Event "Tradewise Gibraltar Master 2015"]
[Site "Gibraltar ENG"]
[Date "2015.02.03"]
[Round "8.96"]
[White "Veltkamp, Gerben"]
[Black "Klug, Christian"]
[Result "0-1"]
[WhiteElo "2175"]
[BlackElo "1884"]
[PlyCount "92"]
[EventDate "2015.01.27"]
[EventType "swiss"]
[EventRounds "10"]
[EventCountry "ENG"]
[Source "lmi"]
[SourceDate "2015.01.27"]

1. e4 e6 2. d4 d5 3. Nd2 dxe4 4. Nxe4 Bd7 5. Nf3 Bc6 6. Bd3 Nd7 7. O-O Ngf6 8.
Ng3 Be7 9. c4 b6 10. Bd2 Bxf3 11. Qxf3 c5 12. Bc3 cxd4 13. Bxd4 O-O 14. Rfd1
Qc7 15. Rac1 Rac8 16. Nh5 Ne5 17. Qh3 Nxd3 18. Rxd3 e5 19. Rg3 Nxh5 20. Qxh5
exd4 21. Rh3 h6 22. Re1 f5 23. Rf3 Bb4 24. Rd1 Qf7 25. Qxf7+ Rxf7 26. Rxd4 Re8
27. g3 g5 28. a3 Bc5 29. Rd5 a5 30. b4 axb4 31. axb4 Bxb4 32. Rdxf5 Rxf5 33.
Rxf5 Rf8 34. Re5 Bc5 35. Re2 g4 36. Kf1 Kg7 37. Kg2 Kg6 38. Kf1 Rf7 39. Kg2 Re7
40. Rc2 Re1 41. h3 h5 42. Kh2 Kf5 43. Rd2 Re4 44. Rc2 Ke5 45. Kg2 Kd4 46. f3
Kd3 0-1

[Event "Tradewise Gibraltar Master 2015"]
[Site "Gibraltar ENG"]
[Date "2015.02.03"]
[Round "8.97"]
[White "Gieritz, Dietmar"]
[Black "Herman, Diego"]
[Result "0-1"]
[WhiteElo "2048"]
[BlackElo "2148"]
[PlyCount "76"]
[EventDate "2015.01.27"]
[EventType "swiss"]
[EventRounds "10"]
[EventCountry "ENG"]
[Source "lmi"]
[SourceDate "2015.01.27"]

1. Nf3 g6 2. g3 d6 3. d4 Bd7 4. Bg2 Qc8 5. h3 Bg7 6. c4 Nf6 7. Nc3 O-O 8. e4
Nc6 9. Be3 a6 10. Rc1 b5 11. cxb5 axb5 12. e5 Ne8 13. O-O b4 14. Nd5 e6 15. Nf4
Rxa2 16. Qb3 Ra5 17. exd6 Nxd6 18. d5 exd5 19. Nxd5 Re8 20. Rfd1 Nf5 21. Bc5
Nfd4 22. Nxd4 Nxd4 23. Rxd4 Bxd4 24. Ne7+ Rxe7 25. Bxe7 c5 26. h4 Be6 27. Bd5
Qd7 28. Bxe6 Qxe6 29. Qxe6 fxe6 30. Rc2 Kf7 31. Bd6 Ra6 32. Bf4 Ra1+ 33. Kg2 b3
34. Re2 Rb1 35. Be5 Bxe5 36. Rxe5 c4 37. Rc5 Rc1 38. Kf3 c3 0-1

[Event "Tradewise Gibraltar Master 2015"]
[Site "Gibraltar ENG"]
[Date "2015.02.03"]
[Round "8.99"]
[White "Hamer, Martyn"]
[Black "Wiedersich, Jens"]
[Result "1-0"]
[WhiteElo "2014"]
[BlackElo "2125"]
[PlyCount "53"]
[EventDate "2015.01.27"]
[EventType "swiss"]
[EventRounds "10"]
[EventCountry "ENG"]
[Source "lmi"]
[SourceDate "2015.01.27"]

1. Nf3 Nf6 2. c4 d5 3. cxd5 Nxd5 4. d4 e6 5. e4 Nf6 6. Nc3 Be7 7. Bd3 Nbd7 8.
Bf4 c6 9. Rc1 O-O 10. h4 Nh5 11. Be3 f5 12. exf5 exf5 13. Bc4+ Kh8 14. Ng5 Bxg5
15. hxg5 g6 16. d5 Qe7 17. dxc6 bxc6 18. Kf1 Ng7 19. Qd3 f4 20. Bd4 Qxg5 21.
Ne4 Qa5 22. b4 Qd8 23. Qc3 Qe7 24. Re1 Re8 25. Re2 Qf8 26. Ng5 h5 27. Bxg7+ 1-0

[Event "Tradewise Gibraltar Master 2015"]
[Site "Gibraltar ENG"]
[Date "2015.02.03"]
[Round "8.100"]
[White "Othman, Mustapha"]
[Black "Rodriguez Alvarez, Vidal"]
[Result "0-1"]
[WhiteElo "1968"]
[BlackElo "2122"]
[PlyCount "64"]
[EventDate "2015.01.27"]
[EventType "swiss"]
[EventRounds "10"]
[EventCountry "ENG"]
[Source "lmi"]
[SourceDate "2015.01.27"]

1. e4 c5 2. Nf3 Nc6 3. d4 cxd4 4. Nxd4 e6 5. a3 Nf6 6. Nc3 Qc7 7. Be2 a6 8. O-O
Nxd4 9. Qxd4 Bd6 10. Kh1 Be5 11. Qd3 b5 12. f4 Bxc3 13. bxc3 Bb7 14. Bf3 O-O
15. a4 Bc6 16. c4 Qb7 17. e5 bxc4 18. Qxc4 Rfc8 19. Bxc6 Rxc6 20. Qe2 Nd5 21.
c4 Nb6 22. Rb1 Qc7 23. Rb3 Rxc4 24. Ba3 Rc3 25. Bd6 Qc6 26. Rxc3 Qxc3 27. f5
Qc4 28. Qf3 Qd5 29. Qg3 exf5 30. Be7 Kh8 31. Qg5 Qxe5 32. h4 f6 0-1

[Event "Tradewise Gibraltar Master 2015"]
[Site "Gibraltar ENG"]
[Date "2015.02.03"]
[Round "8.101"]
[White "Agbabishvili, Lali"]
[Black "Danielsson, Robert"]
[Result "1/2-1/2"]
[WhiteElo "1978"]
[BlackElo "2121"]
[PlyCount "52"]
[EventDate "2015.01.27"]
[EventType "swiss"]
[EventRounds "10"]
[EventCountry "ENG"]
[Source "lmi"]
[SourceDate "2015.01.27"]

1. Nf3 Nf6 2. g3 d5 3. Bg2 g6 4. O-O Bg7 5. c4 c5 6. cxd5 Nxd5 7. Nc3 O-O 8.
Nxd5 Qxd5 9. d3 Nc6 10. Ng5 Qd7 11. Rb1 h6 12. Ne4 b6 13. Be3 Bb7 14. Qa4 Rfd8
15. Nc3 e5 16. Qh4 g5 17. Qh5 Ne7 18. Bxb7 Qxb7 19. h4 f6 20. hxg5 fxg5 21. Ne4
Nd5 22. b3 Qf7 23. Qh3 Qd7 24. Qh5 Qf7 25. Qh3 Qd7 26. Qh5 Qf7 1/2-1/2

[Event "Tradewise Gibraltar Master 2015"]
[Site "Gibraltar ENG"]
[Date "2015.02.03"]
[Round "8.102"]
[White "Burke, Mitchell R"]
[Black "Holleland, Sigve"]
[Result "1-0"]
[WhiteElo "1928"]
[BlackElo "2116"]
[PlyCount "86"]
[EventDate "2015.01.27"]
[EventType "swiss"]
[EventRounds "10"]
[EventCountry "ENG"]
[Source "lmi"]
[SourceDate "2015.01.27"]

1. e4 Nf6 2. Nc3 d5 3. exd5 Nxd5 4. Bc4 Nb6 5. Bb3 e6 6. Qg4 Nc6 7. Nge2 h5 8.
Qf3 Bd6 9. d4 Bd7 10. Nb5 Na5 11. Nxd6+ cxd6 12. Qg3 Qf6 13. Qxd6 Bc6 14. O-O
Rd8 15. Qc5 Nxb3 16. axb3 Rd5 17. Qb4 h4 18. h3 Rhh5 19. c4 Rdf5 20. f4 Nc8 21.
Rf2 g5 22. Be3 gxf4 23. Bxf4 Qg6 24. Re1 a5 25. Qd2 Kf8 26. d5 exd5 27. Qxa5 b6
28. Qb4+ Kg8 29. Nd4 Rf6 30. Nxc6 Rxc6 31. Re8+ Kh7 32. Qf8 Qg7 33. Rxc8 Rxc8
34. Qxc8 dxc4 35. bxc4 Qd4 36. Qg4 Qc5 37. Be3 Qxe3 38. Qxh5+ Kg7 39. Qxf7+ Kh8
40. Qf6+ Kg8 41. Qg6+ Kh8 42. Qh5+ Kg7 43. Qg4+ Kh7 1-0

[Event "Tradewise Gibraltar Master 2015"]
[Site "Gibraltar ENG"]
[Date "2015.02.03"]
[Round "8.103"]
[White "De Rosa, Mariagrazia"]
[Black "Christophe-Hayot, Romain"]
[Result "1/2-1/2"]
[WhiteElo "2101"]
[BlackElo "1793"]
[PlyCount "94"]
[EventDate "2015.01.27"]
[EventType "swiss"]
[EventRounds "10"]
[EventCountry "ENG"]
[Source "lmi"]
[SourceDate "2015.01.27"]

1. e4 e5 2. Nf3 Nf6 3. Nxe5 d6 4. Nf3 Nxe4 5. Nc3 Nf6 6. d4 Be7 7. h3 Bf5 8.
Bd3 Qd7 9. Nh4 Bxd3 10. Qxd3 O-O 11. Nf5 Re8 12. O-O Nc6 13. a3 h6 14. Nxe7+
Nxe7 15. Re1 Ned5 16. Bd2 Nxc3 17. Bxc3 Rxe1+ 18. Rxe1 Re8 19. d5 Rxe1+ 20.
Bxe1 Qe8 21. Kf1 Qe4 22. Qxe4 Nxe4 23. Ke2 Nf6 24. c4 Kf8 25. Kd3 Nd7 26. b4
Ke7 27. f4 g6 28. Bf2 b6 29. Bd4 f6 30. g4 Kf7 31. Bc3 Nb8 32. h4 Nd7 33. Bd4
h5 34. g5 f5 35. Kc3 Ke7 36. Kb3 Kd8 37. Ka4 Kc8 38. Kb5 Kb7 39. c5 a6+ 40. Kc4
b5+ 41. Kd3 c6 42. cxd6 cxd5 43. Bc5 Kc6 44. Kd4 a5 45. Kc3 Nf8 46. Kd4 Nd7 47.
Kc3 Nf8 1/2-1/2

[Event "Tradewise Gibraltar Master 2015"]
[Site "Gibraltar ENG"]
[Date "2015.02.03"]
[Round "8.104"]
[White "Verneuil, Pascal"]
[Black "Opasiak, Dustin Tennessee"]
[Result "1-0"]
[WhiteElo "2093"]
[BlackElo "1729"]
[PlyCount "101"]
[EventDate "2015.01.27"]
[EventType "swiss"]
[EventRounds "10"]
[EventCountry "ENG"]
[Source "lmi"]
[SourceDate "2015.01.27"]

1. e4 c6 2. d4 d5 3. e5 Bf5 4. Nc3 e6 5. g4 Bg6 6. Nge2 h6 7. Be3 Qb6 8. Nf4
Bh7 9. Na4 Qa5+ 10. c3 Nd7 11. Bd3 Bxd3 12. Nxd3 b5 13. Nac5 Nxc5 14. dxc5 Qc7
15. a4 Rb8 16. O-O Ne7 17. f4 g6 18. axb5 Rxb5 19. Ra6 Ra5 20. Rxa5 Qxa5 21.
Qb3 Bg7 22. Qb7 Qb5 23. Qa8+ Kd7 24. Qxa7+ Kd8 25. Qb6+ Kd7 26. Qxb5 cxb5 27.
Ra1 Nc6 28. Ra6 Rb8 29. b4 f6 30. Kg2 fxe5 31. fxe5 g5 32. Bd4 Rf8 33. Rb6 Rb8
34. Kg3 Rxb6 35. cxb6 Bf8 36. Bc5 Be7 37. Kf2 Nb8 38. h3 Na6 39. Bxe7 Kxe7 40.
b7 Nb8 41. Nc5 Kf7 42. Nb3 Ke7 43. Nd4 Kd7 44. Nxb5 Kc6 45. Nd6 Kc7 46. Ke3 Nc6
47. Nf7 Kxb7 48. b5 Na5 49. Nxh6 Kb6 50. Nf7 Kxb5 51. Nxg5 1-0

[Event "Tradewise Gibraltar Master 2015"]
[Site "Gibraltar ENG"]
[Date "2015.02.03"]
[Round "8.105"]
[White "Ferreira, Oscar Luiz Vieira"]
[Black "Kuhne, Detlev"]
[Result "1-0"]
[WhiteElo "1980"]
[BlackElo "2131"]
[PlyCount "101"]
[EventDate "2015.01.27"]
[EventType "swiss"]
[EventRounds "10"]
[EventCountry "ENG"]
[Source "lmi"]
[SourceDate "2015.01.27"]

1. e4 c5 2. Nc3 d6 3. g3 g6 4. Bg2 Bg7 5. d3 Nc6 6. Nge2 e6 7. O-O Nge7 8. Be3
O-O 9. Qd2 f5 10. Bh6 e5 11. Bxg7 Kxg7 12. f4 Be6 13. Rae1 Qb6 14. Kh1 Rae8 15.
Nd5 Bxd5 16. exd5 Nb4 17. Nc3 Ng8 18. Re2 Re7 19. Rfe1 Rfe8 20. a3 Na6 21. b3
Nb8 22. Nd1 Nd7 23. Nb2 Qc7 24. a4 a6 25. a5 exf4 26. Qc3+ Ndf6 27. Re6 Qd7 28.
gxf4 Rxe6 29. Rxe6 Rxe6 30. dxe6 Qxe6 31. Qd2 Qe7 32. Nc4 Nh5 33. Qf2 Ngf6 34.
h3 d5 35. Nb6 Qd6 36. c4 dxc4 37. dxc4 Nxf4 38. Bxb7 Nxh3 39. Qe3 Ng4 40. Qc3+
Qd4 41. Qxd4+ cxd4 42. c5 d3 43. Nc4 Nhf2+ 44. Kg1 Ne4 45. Bxe4 fxe4 46. c6 e3
47. Kf1 e2+ 48. Ke1 Nh2 49. Nd2 Ng4 50. c7 Ne3 51. Nf3 1-0

[Event "Tradewise Gibraltar Master 2015"]
[Site "Gibraltar ENG"]
[Date "2015.02.03"]
[Round "8.106"]
[White "Daneri, Martin"]
[Black "Klyszcz, Michael"]
[Result "1-0"]
[WhiteElo "2123"]
[BlackElo "1975"]
[PlyCount "53"]
[EventDate "2015.01.27"]
[EventType "swiss"]
[EventRounds "10"]
[EventCountry "ENG"]
[Source "lmi"]
[SourceDate "2015.01.27"]

1. c4 e5 2. Nc3 Nc6 3. g3 Bc5 4. Bg2 d6 5. e3 Bf5 6. d3 Nf6 7. a3 a5 8. Nge2
Qd7 9. h3 h5 10. d4 exd4 11. exd4 Bb6 12. Bg5 Ng8 13. Qd2 Nge7 14. O-O-O a4 15.
Rde1 Na5 16. Qe3 f6 17. g4 hxg4 18. hxg4 Rxh1 19. Rxh1 O-O-O 20. gxf5 fxg5 21.
Qxg5 Kb8 22. Qxg7 Nxc4 23. Rh7 Qxf5 24. Qxe7 Rf8 25. Qe4 Qxe4 26. Bxe4 Rxf2 27.
Bd3 1-0

[Event "Tradewise Gibraltar Master 2015"]
[Site "Gibraltar ENG"]
[Date "2015.02.03"]
[Round "8.107"]
[White "Amgalanbaatar, Ravdanlkhumbuu"]
[Black "Spanton, Tim R"]
[Result "1-0"]
[WhiteElo "2117"]
[BlackElo "1963"]
[PlyCount "29"]
[EventDate "2015.01.27"]
[EventType "swiss"]
[EventRounds "10"]
[EventCountry "ENG"]
[Source "lmi"]
[SourceDate "2015.01.27"]

1. e4 e5 2. Bc4 Bc5 3. d3 Nf6 4. Nc3 Nc6 5. f4 d6 6. Nf3 Ng4 7. Ng5 O-O 8. f5
Bf2+ 9. Kf1 Ne3+ 10. Bxe3 Bxe3 11. h4 Bxg5 12. hxg5 Qxg5 13. Rh5 Qf4+ 14. Kg1
Nd4 15. Nd5 1-0

[Event "Tradewise Gibraltar Master 2015"]
[Site "Gibraltar ENG"]
[Date "2015.02.03"]
[Round "8.108"]
[White "Tortolero, Cesar"]
[Black "Kandic, Milan"]
[Result "0-1"]
[WhiteElo "1937"]
[BlackElo "2101"]
[PlyCount "92"]
[EventDate "2015.01.27"]
[EventType "swiss"]
[EventRounds "10"]
[EventCountry "ENG"]
[Source "lmi"]
[SourceDate "2015.01.27"]

1. e4 d6 2. d4 Nf6 3. Nc3 e5 4. dxe5 dxe5 5. Qxd8+ Kxd8 6. Bg5 c6 7. O-O-O+ Kc7
8. Bxf6 gxf6 9. Bc4 Be6 10. Bxe6 fxe6 11. Nge2 Bc5 12. f3 h5 13. g3 b5 14. Kb1
a5 15. a4 b4 16. Na2 Na6 17. Nac1 Rad8 18. Rxd8 Rxd8 19. Nd3 Be3 20. Nec1 c5
21. b3 h4 22. Re1 Bd4 23. Ne2 hxg3 24. hxg3 Rh8 25. Nxd4 cxd4 26. f4 exf4 27.
gxf4 Rh5 28. e5 fxe5 29. Rxe5 Rxe5 30. Nxe5 Nc5 31. Kc1 Nb7 32. Nf3 Kd6 33.
Nxd4 Kd5 34. Ne2 Ke4 35. Kd2 Nc5 36. Nc1 Kxf4 37. Ne2+ Ke4 38. Nc1 Kf3 39. Na2
e5 40. c3 e4 41. cxb4 e3+ 42. Kc3 Ne4+ 43. Kc4 e2 44. bxa5 e1=Q 45. Kb5 Qe2+
46. Kb6 Qxa2 0-1

[Event "Tradewise Gibraltar Master 2015"]
[Site "Gibraltar ENG"]
[Date "2015.02.03"]
[Round "8.109"]
[White "Gonzalez Espana, Maria Gabriel"]
[Black "Freuler, Roman"]
[Result "0-1"]
[WhiteElo "1917"]
[BlackElo "2071"]
[PlyCount "60"]
[EventDate "2015.01.27"]
[EventType "swiss"]
[EventRounds "10"]
[EventCountry "ENG"]
[Source "lmi"]
[SourceDate "2015.01.27"]

1. c4 e5 2. Nc3 Nc6 3. g3 g6 4. Bg2 Bg7 5. d3 d6 6. e3 Nf6 7. Nge2 O-O 8. O-O
Be6 9. Nd5 Rb8 10. Rb1 Ne7 11. Nec3 c6 12. Nxf6+ Bxf6 13. Qa4 a6 14. b4 d5 15.
b5 axb5 16. cxb5 c5 17. Bb2 b6 18. Qc2 Qd7 19. Rfd1 Rfc8 20. Ne2 Bg7 21. Qd2 d4
22. a4 Bb3 23. Ra1 Bxd1 24. Qxd1 dxe3 25. fxe3 Rd8 26. Ra3 Nf5 27. Bc6 Qe6 28.
Kf2 Bh6 29. Bc1 Qf6 30. Bf3 e4 0-1